House prices slowed by interest rates (Record no. 117733)
[ view plain ]
| 000 -LEADER | |
|---|---|
| fixed length control field | 01192cam a2200205 4500 |
| 001 - CONTROL NUMBER | |
| control field | WB@3612-444 |
| 008 - FIXED-LENGTH DATA ELEMENTS--GENERAL INFORMATION | |
| fixed length control field | 040720n2004 000 0 eng u |
| 035 ## - SYSTEM CONTROL NUMBER | |
| System control number | (Sirsi) u126850 |
| 245 ## - TITLE STATEMENT | |
| Title | House prices slowed by interest rates |
| 260 ## - PUBLICATION, DISTRIBUTION, ETC. | |
| Date of publication, distribution, etc. | 2004 |
| 490 ## - SERIES STATEMENT | |
| Series statement | RICS Press Release |
| Volume/sequential designation | (pr069) 20 July 2004 (2) |
| 520 ## - SUMMARY, ETC. | |
| Summary, etc. | According to the latest "RICS housing market survey of Great Britain", average house price inflation slowed in the three months to June 2004 to the slowest pace in 10 months. This is due in part to interest rate rises and the Bank of England's recent warnings over market prospects. The number of new properties coming onto the market and the amount of unsold properties on estate agents' books both showed a moderate increase. The report can be viewed at: http://www.rics.org/ricscms/bin/show?class=MarketS urvey&template=/includes/showmarketsurvey.html&id= 95&faculty=RICS. http://www.rics.org/ricscms/bin/show?class=PressRe lease&template=/includes/showpr.html&id=1205&facul ty=RICS |
| 590 ## - LOCAL NOTE (RLIN) | |
| Local note | WB |
| 590 ## - LOCAL NOTE (RLIN) | |
| Local note | WB |
| 650 ## - SUBJECT ADDED ENTRY--TOPICAL TERM | |
| Topical term or geographic name entry element | INTEREST RATES |
| 650 ## - SUBJECT ADDED ENTRY--TOPICAL TERM | |
| Topical term or geographic name entry element | PROPERTY PRICES |
| 650 ## - SUBJECT ADDED ENTRY--TOPICAL TERM | |
| Topical term or geographic name entry element | HOUSING SURVEYS |
| 690 ## - LOCAL SUBJECT ADDED ENTRY--TOPICAL TERM (OCLC, RLIN) | |
| Topical term or geographic name as entry element | HOUSING-HOUSE PRICES |
| 942 ## - ADDED ENTRY ELEMENTS (KOHA) | |
| Suppress in OPAC | 0 |
| Withdrawn status | Lost status | Source of classification or shelving scheme | Damaged status | Not for loan | Home library | Current library | Shelving location | Date acquired | Total Checkouts | Full call number | Barcode | Date last seen | Copy number | Price effective from | Koha item type |
|---|---|---|---|---|---|---|---|---|---|---|---|---|---|---|---|
| Dewey Decimal Classification | London | London | News article | 20/07/2004 | WB4028-11 | 126850-1001 | 06/08/2019 | 1 | 06/08/2019 | News article |